000 00506nam a2200193Ia 4500
008 151119s9999||||xx |||||||||||||| ||und||
082 _a891.464
082 _bGKKV13468
100 _aकाणेकर शिरीष
245 _aइरसालकी
260 _a--
260 _b--
260 _c0
600 _aकाणेकर शिरीष
630 _aइरसालकी
700 _aकाणेकर शिरीष
730 _aइरसालकी
942 _cBOOK
999 _c1067123
_d1067120